|
|
|
|
| LEADER |
00000nam0a2200000 4500 |
| 001 |
356879 |
| 005 |
20260318165349.0 |
| 035 |
|
|
|a (RuTPU)RU\TPU\retro\14139
|
| 035 |
|
|
|a RU\TPU\retro\12814
|
| 090 |
|
|
|a 356879
|
| 100 |
|
|
|a 20200724d1925 km y0rusy50 ca
|
| 101 |
0 |
|
|a rus
|
| 102 |
|
|
|a RU
|
| 105 |
|
|
|a y z 001zy
|
| 200 |
1 |
|
|a Крах II интернационала
|e сборник статей
|f В. И. Ленин
|g авт. предисл. К. П. Новицкий
|
| 210 |
|
|
|a Москва
|c Государственное изд-во
|d 1925
|
| 215 |
|
|
|a 272 с.
|
| 320 |
|
|
|a Указ. имен: с. 267-270
|
| 606 |
|
|
|a Ленин В. И.
|j Сборники произведений
|7 ca
|8 rus
|2 stltpush
|3 (RuTPU)RU\TPU\subj\73215
|9 86346
|
| 610 |
1 |
|
|a ленинизм
|
| 610 |
1 |
|
|a статьи
|
| 610 |
1 |
|
|a 2 Интернационал
|
| 610 |
1 |
|
|a шовинизм
|
| 610 |
1 |
|
|a социализм
|
| 610 |
1 |
|
|a революционный марксизм
|
| 610 |
1 |
|
|a революционное движение
|
| 610 |
1 |
|
|a самоопределение
|
| 686 |
|
|
|a Т3(2)6-8Ленин155.2
|v LBC/SL-A
|2 rubbk
|
| 700 |
|
1 |
|a Ленин
|b В. И.
|c настоящая фамилия Ульянов
|c российский политический деятель
|f 1870-1924
|g Владимир Ильич
|2 stltpush
|3 (RuTPU)RU\TPU\pers\1074
|9 486
|
| 702 |
|
1 |
|a Новицкий
|b К. П.
|4 080
|
| 801 |
|
1 |
|a RU
|b 63413507
|c 20200709
|
| 801 |
|
2 |
|a RU
|b 63413507
|c 20200910
|g RCR
|
| 942 |
|
|
|c BK
|